Hacking Exposed Network Security Secrets & Solutions (Record no. 23534)
[ view plain ]
| 000 -LEADER | |
|---|---|
| fixed length control field | 00278nam a22000857a 4500 |
| 008 - FIXED-LENGTH DATA ELEMENTS--GENERAL INFORMATION | |
| fixed length control field | 131216b xxu||||| |||| 00| 0 eng d |
| 020 ## - INTERNATIONAL STANDARD BOOK NUMBER | |
| International Standard Book Number | 0072193816 |
| Terms of availability | Available |
| 245 ## - TITLE STATEMENT | |
| Title | Hacking Exposed Network Security Secrets & Solutions |
| Statement of responsibility, etc. | McClure, Stuart |
| 260 ## - PUBLICATION, DISTRIBUTION, ETC. | |
| Place of publication, distribution, etc. | San Francisco |
| Name of publisher, distributor, etc. | McGraw-Hill |
| Date of publication, distribution, etc. | 2001 |
| Withdrawn status | Lost status | Source of classification or shelving scheme | Damaged status | Not for loan | Permanent Location | Current Location | Shelving location | Date acquired | Full call number | Barcode | Date last seen | Price effective from | Koha item type | Total Checkouts | Total Renewals | Date last checked out |
|---|---|---|---|---|---|---|---|---|---|---|---|---|---|---|---|---|
| Central Library (CL) | Central Library (CL) | First Floor - Artificial Intelligence/Data Mining | 12/16/2013 | 005.8MCC | RCMS000523 | 04/30/2026 | 12/16/2013 | Book | 1 | 3 | 03/31/2026 | |||||
| NUST Baluchistan Campus (NBC) | NUST Baluchistan Campus (NBC) | General Stacks | 12/16/2013 | 005.8MCC | RCMS000521 | 12/16/2013 | 12/16/2013 | Book |
